Munchique (Registro nro. 4499)

Detalles MARC
000 -CABECERA
Campo de control 00842nam a2200265 a 4500
005 - FECHA Y HORA DE LA ULTIMA TRANSACCION
Campo de control 20200104041550.0
008 - ELEMENTOS DE LONGITUD FIJA—INFORMACION GENERAL
Campo de control 140115b1996 ck a gr|||| 00| 0 spa d
040 ## - FUENTE DE CATALOGACIÓN
Agencia catalogadora original CO-BoIAVH
Agencia transcriptora CO-BoIAVH
041 ## - IDIOMA
Código de idioma para texto/pista de sonido o título separado Español
090 ## - CLASIFICACIÓN LOCAL
Colección EA
Consecutivo 376
100 1# - ASIENTO PRINCIPAL--NOMBRE PERSONAL
Nombre personal Prado, Martha L.
9 (RLIN) 3988
245 1# - MENCION DE TITULO
Título Munchique
260 ## - PUBLICACION, DISTRIBUCION, ETC. (PIE DE IMPRENTA)
Lugar de publicación, distribución, etc. Bogotá :
Nombre del editor, distribuidor, etc. Proyecto Biopacífico :
-- Ministerio del Medio Ambiente :
-- GEF :
-- PNUD,
Fecha de publicación, distribución, etc. 1996.
300 ## - DESCRIPCION FISICA
Extensión 3 Vols.
Otros detalles físicos ilustraciones.;
Dimensiones 21 x 20 cm
505 ## - NOTA DE CONTENIDO
Nota de contenido Vol. 1: Memorias de pobladores
505 ## - NOTA DE CONTENIDO
Nota de contenido Vol. 2: Agua y comunidades de bosques nublados
505 ## - NOTA DE CONTENIDO
Nota de contenido Vol. 3: Buen ambiente = salud
650 #4 - ASIENTO SECUNDARIO DE MATERIA - TERMINO TEMATICO
Término temático o nombre geográfico como elemento de entrada agua
9 (RLIN) 161
650 #4 - ASIENTO SECUNDARIO DE MATERIA - TERMINO TEMATICO
Término temático o nombre geográfico como elemento de entrada Comunidades
9 (RLIN) 55503
650 #4 - ASIENTO SECUNDARIO DE MATERIA - TERMINO TEMATICO
Término temático o nombre geográfico como elemento de entrada Bosques nublados
9 (RLIN) 4839
700 1# - ASIENTO SECUNDARIO - NOMBRE PERSONAL
Nombre personal Pinilla M., Nelson H.
9 (RLIN) 3989
700 1# - ASIENTO SECUNDARIO - NOMBRE PERSONAL
Nombre personal Mendez, María
9 (RLIN) 3990
700 1# - ASIENTO SECUNDARIO - NOMBRE PERSONAL
Nombre personal Yalando, Segundo
9 (RLIN) 3991
942 ## - ELEMENTOS ADICIONALES (KOHA)
Tipo de ítem Libro
Sistema de clasificación Local
Existencias
Withdrawn status Lost status Sistema de Clasificación Damaged status No para préstamo Colección Inventariado Ubicación Permanente Ubicación actual Fecha de adquisición Fuente de Valor Valor Total Checkouts Número topográfico Inventario / Código de Barras Date last seen Ejemplar Price effective from Forma de adquisición Tipo de material
    Local     Educación Ambiental Inventariado 2017 Sala Fabio Quevedo Sala Fabio Quevedo 18/05/2005 Instituto 39000.00   EA-376 017957 04/12/2012 V. 1 Ej. 1 04/12/2012   Libro
    Local     Educación Ambiental Inventariado 2017 Sala Fabio Quevedo Sala Fabio Quevedo 18/05/2005 Instituto 39000.00   EA-376 017958 04/12/2012 V. 2 Ej. 1 04/12/2012   Libro